| 000 | 00600cam a2200193Ka 4500 | ||
|---|---|---|---|
| 001 | 524789 | ||
| 005 | 20200421093818.0 | ||
| 008 | 980414s1978 stk 000 0 gae d | ||
| 020 | _a0904265226 | ||
| 041 | 0 | _agaeeng | |
| 100 | 1 |
_aCaimbeul, Aonghas Phàdraig. _9721 |
|
| 245 | 1 | 0 |
_aBardachd a' bhocsair : _bAonghas Caimbeul, 1908-1949, Mac Alasdair Mhurchaidh Oig a Suaineabost, Nis, Leódhas. |
| 260 |
_aLoanhead : _bC. Macdhomnaill, _c1978. |
||
| 300 |
_a135 p. ; _c22 cm. |
||
| 500 | _a2 poems in English in appendix, the rest in Gaelic. | ||
| 942 |
_2ddc _cBK |
||
| 956 | _aNLS | ||
| 999 |
_c81 _d81 |
||